000 00637nam a2200229Ia 4500
003 OSt
005 20220107122745.0
008 130318s9999 xx 000 0 und d
020 _a9788126531257
040 _cIIITM-K
082 _a004.64 LAM/C
100 _aLammle, Todd
_94955
245 _aCisco Certified Network Associate stude guide
_cby Todd Lammle
250 _a7th ed.
260 _bWiley,
_aNew Delhi,
_c2011.
300 _axxxvii, 822p.
_eCD ROM
650 _aCOMMUNICATION ENGINEERING
_94956
650 _aCOMPUTER NETWORKS
_94957
650 _aNETWORK COMMUNICATION
_94958
650 _aROUTERS
_94959
942 _2ddc
_cBK
999 _c4123
_d4123